Science Quiz

Random Science Quiz
Score 0/86 Timer 20:00
0 Plays Today
% Correct
B757
75%
B747
74.4%
F14
74.3%
B707
71.8%
B757
71.8%
B767
71.8%
DC10
71.4%
F22
71.4%
MD11
71.4%
B777
70%
F15
68.6%
F16
68.6%
F18
68.6%
DH8
67.5%
AT72
67.5%
A320
67.5%
A340
66.7%
AT72
66.7%
B2
66.7%
C130
66.7%
C172
66.7%
DC8
65.7%
E2
65.7%
E3
65.7%
F117
65.7%
B737
65%
A310
65%
B767
65%
A340
65%
% Correct
L101
65%
A380
64.7%
A310
64.1%
B1
64.1%
A320
64.1%
B777
64.1%
C152
64.1%
C172
64.1%
C210
64.1%
C5
62.9%
C500
62.9%
DC9
62.9%
DC8
62.5%
A6
61.5%
A300
61.5%
C17
61.5%
C182
61.5%
DH8
60%
F22
60%
K35
60%
KC10
60%
PA18
60%
SR20
60%
A10
59%
B727
59%
C185
59%
C206
59%
C500
57.5%
HAR
57.1%
% Correct
L101
57.1%
MD80
57.1%
MD90
57.1%
MQ1
57.1%
BE18
56.4%
BE80
56.4%
DH7
54.3%
M20
54.3%
SR22
54.3%
V22
54.3%
H60
54.3%
MQ9
54.3%
BE35
53.8%
LJ35
51.4%
PA28
51.4%
B06
51.4%
H60
51.4%
RQ4
51.4%
AC68
51.3%
C208
51.3%
C177
48.7%
CL60
48.6%
CRJ100
48.6%
H269
48.6%
BE90
46.2%
B222
45.7%
H47
45.7%
H64
45.7%

You're not logged in!

Compare scores with friends on all Sporcle quizzes.
OR
Log In

Sporcle TV

Today on Sporcle TV


Watch our educational content, quiz creation guides, and fun videos on Sporcle TV.

Show Comments

Extras

Created Sep 8, 2019ReportNominate
Tags:Aircraft, identification

Top Quizzes Today


Score Distribution

Paid Content

Your Account Isn't Verified!

In order to create a playlist on Sporcle, you need to verify the email address you used during registration. Go to your Sporcle Settings to finish the process.

Report this User

Report this user for behavior that violates our Community Guidelines.

Details: